Human resource management / (Record no. 5731)

MARC details
000 -LEADER
fixed length control field 00857nac a22002411u 4500
010 ## - LIBRARY OF CONGRESS CONTROL NUMBER
LC control number 97025837
020 ## - INTERNATIONAL STANDARD BOOK NUMBER
International Standard Book Number 0256235287
020 ## - INTERNATIONAL STANDARD BOOK NUMBER
International Standard Book Number 0071153314 (International ed.)
082 00 - DEWEY DECIMAL CLASSIFICATION NUMBER
Classification number 658.3
Item number IVA
090 ## - LOCALLY ASSIGNED LC-TYPE CALL NUMBER (OCLC); LOCAL CALL NUMBER (OCLC)
-- 5731
-- 5731
100 ## - MAIN ENTRY--PERSONAL NAME
Personal name Ivancevich, John M.
245 10 - TITLE STATEMENT
Title Human resource management /
Statement of responsibility, etc John M. Ivancevich.
250 ## - EDITION STATEMENT
Edition statement 7th ed.
260 ## - PUBLICATION, DISTRIBUTION, ETC. (IMPRINT)
Place of publication, distribution, etc Boston :
Name of publisher, distributor, etc Irwin McGraw Hill,1998
Date of publication, distribution, etc c1998.
300 ## - PHYSICAL DESCRIPTION
Extent xxii, 730 p. :
Other physical details ill. (some col.), col. map ;
Dimensions 26 cm.
500 ## - GENERAL NOTE
General note distributer: Al-Ahram
504 ## - BIBLIOGRAPHY, ETC. NOTE
Bibliography, etc Includes bibliographical references and indexes.
511 ## - PARTICIPANT OR PERFORMER NOTE
Participant or performer note catalogued by: wessam
650 #0 - SUBJECT ADDED ENTRY--TOPICAL TERM
Topical term or geographic name as entry element Personnel management.
650 #0 - SUBJECT ADDED ENTRY--TOPICAL TERM
Topical term or geographic name as entry element Personnel management
General subdivision Case studies.
942 ## - ADDED ENTRY ELEMENTS (KOHA)
Item type Book - Borrowing
Call number prefix 658.3IVA
Holdings
Withdrawn status Item status Damaged status Not for loan Home library Current library Shelving location Date acquired Source of acquisition Total Checkouts Total Renewals Full call number Barcode Date last seen Date last borrowed Koha item type
        Central Library Central Library First floor 04/11/2007 Purchase 9 7 658.3IVA 000007205 15/07/2025 04/11/2017 Book - Borrowing